000 00713nam a2200205Ii 4500
003 JO-AjNU
008 230605s9999||||xx |||||||||||||| ||und||
040 _aJO-AjNU
_bara
_erda
_cJO-AjNU
041 _aara
050 1 4 _aBP173.754.B2 1983
100 3 _aالبدري، عبد العزيز,
_eauthor
_99138
245 0 0 _aحكم الإسلام في الإشتراكية
250 _aط5
264 3 1 _aالمدينة المنورة: المكتبة العلمية، 1983
300 _a182ص
336 _atext
_btxt
_2rdacontent
337 _aunmediated
_bn
_2rdamedia
338 _avolume
_bnc
_2rdacarrier
650 4 _aالاسلام والاشتراكية- الاسلام والمذاهب السياسية
_99139
999 _aA1145
_c4713
_d4713